| 000 | 00489cam a2200205ua 4500 | ||
|---|---|---|---|
| 001 | 10498 | ||
| 008 | 190311n ii |||gr||||Z||||||asm | ||
| 020 | _a9788186385210 | ||
| 040 | _cMAIN | ||
| 041 | _aasm | ||
| 082 | _a891.4513 | ||
| 100 |
_aJhumpa Lahiri, _eAuthor., |
||
| 245 | _aThe lowland | ||
| 250 | _a2nd ed. | ||
| 260 |
_aGuwahati: _bAssam publishing company, _c2016. |
||
| 300 | _a396p. | ||
| 653 | _aEnglish novel | ||
| 700 |
_aLaskar, Indrani, _eTranslator. |
||
| 942 | _cBK | ||
| 999 |
_c9482 _d9482 |
||